[Event "29th ECh U20"]
[Site "Patras GRE"]
[Date "2001.07.24"]
[Round "8"]
[White "Dziuba, Marcin"]
[Black "Buhmann, Rainer"]
[Result "0-1"]
[WhiteElo "2471"]
[BlackElo "2498"]
[EventDate "2001.07.16"]
[PlyCount "98"]

1.d4 d5 2.c4 Nc6 3.Nf3 Bg4 4.cxd5 Bxf3 5.gxf3 Qxd5 6.e3 e6 7.Nc3 Qd7 8.Bd2
Nf6 9.f4 Be7 10.Bg2 Nb4 11.a3 Nbd5 12.Na4 O-O 13.Rc1 c6 14.O-O Kh8 15.Qc2 
Qc7 16.Kh1 Rg8 17.Qd3 Rad8 18.Nc5 h6 19.Qe2 g5 20.fxg5 hxg5 21.Nd3 Rg7 22.
e4 Rh7 23.h3 Nf4 24.Nxf4 gxf4 25.Bc3 Rh4 26.Rcd1 Rg8 27.Rd3 Rg5 28.Rfd1 
Qc8 29.Qf3 Qg8 30.d5 e5 31.d6 Bd8 32.d7 Qh7 33.Rd6 Nxe4 34.R6d3 Nxc3 35.
Rxc3 e4 36.Qxe4 Qxe4 37.Bxe4 f3 38.Rxf3 Rxe4 39.Rxf7 Kg8 40.Rf3 Re7 41.Rb3
b6 42.Rd6 Reg7 43.h4 Rg4 44.Rb4 Rxb4 45.axb4 Rg4 46.h5 Rh4+ 47.Kg2 Rxh5 
48.Re6 Kf7 49.Re8 Rg5+ 0-1

[Event "29th ECh U20"]
[Site "Patras GRE"]
[Date "2001.07.24"]
[Round "8"]
[White "Izoria, Zviad"]
[Black "Korobov, Anton"]
[Result "1-0"]
[WhiteElo "2486"]
[BlackElo "2470"]
[EventDate "2001.07.16"]
[PlyCount "93"]

1.c4 e6 2.Nf3 Nf6 3.Nc3 d5 4.d4 c6 5.Bg5 h6 6.Bh4 dxc4 7.e4 g5 8.Bg3 b5 9.
Ne5 Bb7 10.h4 gxh4 11.Bxh4 Be7 12.Qf3 b4 13.Na4 Nbd7 14.Bxc4 Nxe5 15.dxe5 
Nd7 16.Qh5 Bxh4 17.Rxh4 Qe7 18.Rg4 O-O-O 19.Rg7 Rhf8 20.Rd1 Nc5 21.Rxd8+ 
Kxd8 22.Qd1+ Nd7 23.Bxe6 Qxe6 24.Nc5 Qe7 25.e6 Bc8 26.Nxd7 Bxd7 27.Qxd7+ 
Qxd7 28.exd7 Kxd7 29.Rh7 a5 30.Rxh6 Re8 31.Rh4 Kd6 32.Kd2 Kc5 33.Ke3 Kc4 
34.e5+ Kd5 35.Rd4+ Kc5 36.f4 f6 37.Rd2 f5 38.g4 fxg4 39.Ke4 g3 40.Rc2+ Kb5
41.f5 Rh8 42.Rg2 Rh4+ 43.Kf3 b3 44.axb3 Kc5 45.Kxg3 Re4 46.e6 Kd6 47.Rf2 
1-0

[Event "29th ECh U20"]
[Site "Patras GRE"]
[Date "2001.07.24"]
[Round "8"]
[White "Berg, Emanuel"]
[Black "Guseinov, Gadir"]
[Result "0-1"]
[WhiteElo "2496"]
[BlackElo "2456"]
[EventDate "2001.07.16"]
[PlyCount "110"]

1.e4 c5 2.Nf3 Nc6 3.d4 cxd4 4.Nxd4 g6 5.Nc3 Bg7 6.Be3 Nf6 7.Bc4 O-O 8.Bb3 
a5 9.O-O d6 10.h3 Bd7 11.a4 Nxd4 12.Bxd4 Bc6 13.Qd3 Nd7 14.Bxg7 Kxg7 15.
Qd4+ Kg8 16.Nd5 e6 17.Ne3 Nc5 18.f3 Qb6 19.Ng4 e5 20.Qf2 h5 21.Nh6+ Kg7 
22.Nxf7 Rxf7 23.Bxf7 Kxf7 24.f4 Nxa4 25.fxe5+ Ke6 26.Qxb6 Nxb6 27.Rf6+ 
Kxe5 28.Rxg6 Nc4 29.Rg5+ Ke6 30.b3 Ne5 31.Rxh5 Bxe4 32.Rh6+ Kd7 33.c4 Bc2 
34.c5 Bxb3 35.Rxd6+ Kc7 36.Re1 Nc6 37.Rh6 Rd8 38.Rh7+ Kb8 39.g4 a4 40.g5 
a3 41.g6 a2 42.g7 Nd4 43.Rh8 Rg8 44.Kf2 Ka7 45.c6 bxc6 46.Rg1 Nc2 47.Rh5 
Kb6 48.Rhg5 a1=Q 49.Rxa1 Nxa1 50.h4 Bf7 51.h5 Bxh5 52.Rxh5 Rxg7 53.Rh1 Nc2
54.Rb1+ Ka5 55.Rc1 Nb4 0-1

[Event "29th ECh U20"]
[Site "Patras GRE"]
[Date "2001.07.24"]
[Round "8"]
[White "Vallin, Guillaume"]
[Black "Smirnov, Pavel"]
[Result "1-0"]
[WhiteElo "2359"]
[BlackElo "2530"]
[EventDate "2001.07.16"]
[PlyCount "79"]

1.d4 Nf6 2.c4 g6 3.Nc3 Bg7 4.e4 d6 5.f4 O-O 6.Nf3 c5 7.d5 e6 8.dxe6 fxe6 
9.Bd3 Nc6 10.O-O Nd4 11.Ng5 h6 12.Nh3 Qe7 13.e5 dxe5 14.fxe5 Nd7 15.Rxf8+ 
Qxf8 16.Bxg6 Nxe5 17.Be4 Nxc4 18.Qh5 Nd6 19.Bg6 b6 20.Bd2 Ba6 21.Ng5 Qe7 
22.Re1 hxg5 23.Bxg5 Qb7 24.Ne4 Ne2+ 25.Kh1 Nf5 26.Rxe2 Bxe2 27.Qh7+ Kf8 
28.Nf6 Bf3 29.Qg8+ Ke7 30.Ne4+ Kd7 31.Qf7+ Kc8 32.Qxe6+ Qd7 33.Bxf5 Bxg2+ 
34.Kxg2 Qxe6 35.Bxe6+ Kc7 36.b3 Re8 37.Bd5 b5 38.Kf3 Kb6 39.h4 Re5 40.Bd8+
1-0

[Event "29th ECh U20"]
[Site "Patras GRE"]
[Date "2001.07.24"]
[Round "8"]
[White "Mastrovasilis, Dimitrios"]
[Black "Berkvens, Joost"]
[Result "0-1"]
[WhiteElo "2435"]
[BlackElo "2444"]
[EventDate "2001.07.16"]
[PlyCount "100"]

1.e4 c5 2.Nf3 Nc6 3.d4 cxd4 4.Nxd4 Nf6 5.Nc3 d6 6.Bg5 Bd7 7.Be2 e6 8.Bxf6 
Qxf6 9.Ndb5 O-O-O 10.O-O Kb8 11.a4 Bc8 12.Qd3 g5 13.Rfd1 Bg7 14.a5 a6 15.
Qe3 Qe7 16.Na3 d5 17.Na4 Qb4 18.exd5 exd5 19.c3 Qxa4 20.Nc4 Qc2 21.Bd3 Qb3
22.Nd2 Qxb2 23.Rab1 Qxc3 24.Rdc1 Rhe8 25.Qg3+ Qe5 26.Rxc6 Qxg3 27.hxg3 Re6
28.Rxa6 Rxa6 29.Bxa6 Bc3 30.Nf3 Ka7 31.Bd3 h6 32.Rb5 Be6 33.Rb3 d4 34.Rb5 
Rd5 35.Rxd5 Bxd5 36.Ne5 Bxa5 37.Ng4 Kb6 38.Nxh6 Kc5 39.Nf5 b5 40.Kf1 b4 
41.Ke2 Ba2 42.Nh6 b3 43.Nxf7 b2 44.Ne5 Kd5 45.f4 g4 46.Kf2 b1=Q 47.Bxb1 
Bxb1 48.Nxg4 Kc4 49.Ne5+ Kc3 50.g4 Bc7 0-1

[Event "29th ECh U20"]
[Site "Patras GRE"]
[Date "2001.07.24"]
[Round "8"]
[White "Pert, Nicholas"]
[Black "Haznedaroglu, Kivanc"]
[Result "1/2-1/2"]
[WhiteElo "2475"]
[BlackElo "2345"]
[EventDate "2001.07.16"]
[PlyCount "97"]

1.d4 d5 2.c4 c6 3.Nf3 Nf6 4.Qb3 dxc4 5.Qxc4 Bf5 6.g3 e6 7.Bg2 Be7 8.O-O 
O-O 9.Qb3 Qb6 10.Nbd2 Nbd7 11.Nc4 Qxb3 12.axb3 Be4 13.Bf4 Rfc8 14.Nd6 Bxd6
15.Bxd6 c5 16.Rfc1 cxd4 17.Nxd4 Bxg2 18.Kxg2 a6 19.f3 Ne8 20.Bb4 Nb6 21.
Ba5 Rxc1 22.Rxc1 Rc8 23.Rc3 Rxc3 24.bxc3 Nd7 25.Bb4 e5 26.Nf5 f6 27.e4 Kf7
28.Ne3 Ke6 29.f4 exf4 30.gxf4 g6 31.Nc2 Nc7 32.Kf3 Kf7 33.Ne3 Ke6 34.c4 f5
35.exf5+ gxf5 36.Nc2 Kf6 37.Ne3 Ke6 38.Nc2 Kf6 39.Bc3+ Kg6 40.b4 Ne6 41.
Ne3 b5 42.Ng2 Kh5 43.Ne3 Kg6 44.Nd5 Kf7 45.c5 Nb8 46.Ne3 Kg6 47.Ng2 Kh5 
48.Ne3 Kg6 49.Ng2 1/2-1/2

[Event "29th ECh U20"]
[Site "Patras GRE"]
[Date "2001.07.24"]
[Round "8"]
[White "Castaldo, Folco"]
[Black "Flumbort, Andras"]
[Result "1/2-1/2"]
[WhiteElo "2304"]
[BlackElo "2372"]
[EventDate "2001.07.16"]
[PlyCount "61"]

1.e4 c5 2.c3 d5 3.exd5 Qxd5 4.d4 e6 5.Nf3 Nf6 6.Bd3 Be7 7.O-O O-O 8.Be3 
Nc6 9.c4 Qh5 10.Be2 Ng4 11.Bf4 Qf5 12.Bc7 cxd4 13.h3 Nf6 14.Nxd4 Nxd4 15.
Qxd4 Bd7 16.Qf4 Rac8 17.Nc3 Bc6 18.Qxf5 exf5 19.Be5 Rfe8 20.Rfe1 Rcd8 21.
Rad1 Rxd1 22.Rxd1 Bb4 23.Bxf6 gxf6 24.Bf3 Bxf3 25.gxf3 Bxc3 26.bxc3 Re2 
27.Rd7 Rxa2 28.Rxb7 Ra3 29.Kg2 Rxc3 30.Rxa7 Rxc4 31.Kg3 1/2-1/2

[Event "29th ECh U20"]
[Site "Patras GRE"]
[Date "2001.07.24"]
[Round "8"]
[White "Pilaj, Herwig"]
[Black "Ginzburg, Mikhail"]
[Result "1/2-1/2"]
[WhiteElo "2297"]
[BlackElo "2274"]
[EventDate "2001.07.16"]
[PlyCount "44"]

1.d4 d5 2.c4 e6 3.Nf3 Nf6 4.Nc3 Bb4 5.e3 O-O 6.Bd3 dxc4 7.Bxc4 c5 8.a3 
Bxc3+ 9.bxc3 Qc7 10.Bb3 Nc6 11.O-O b6 12.Re1 Bb7 13.e4 cxd4 14.cxd4 Na5 
15.Bc2 Rac8 16.Bd3 h6 17.Bd2 Nc6 18.Qe2 Qd8 19.Be3 Ng4 20.Bf4 Nf6 21.Be3 
Ng4 22.Bf4 Nf6 1/2-1/2

[Event "29th ECh U20"]
[Site "Patras GRE"]
[Date "2001.07.24"]
[Round "8"]
[White "Atakisi, Umut"]
[Black "Poliakov, Dmitry"]
[Result "1-0"]
[WhiteElo "2302"]
[BlackElo "2267"]
[EventDate "2001.07.16"]
[PlyCount "153"]

1.e4 c5 2.Nf3 d6 3.d4 cxd4 4.Nxd4 a6 5.Nc3 e5 6.Nf5 g6 7.Ne3 Nf6 8.a4 Be6 
9.Nc4 Qc7 10.b3 Nbd7 11.Be2 Nb6 12.Nxb6 Qxb6 13.Bg5 Bg7 14.Bxf6 Bxf6 15.
Nd5 Bxd5 16.Qxd5 Rc8 17.Bc4 O-O 18.O-O Rc5 19.Qd3 Rfc8 20.Rad1 R8c6 21.Kh1
Bg5 22.Qg3 Qd8 23.Bd5 Rc3 24.Rd3 Rxd3 25.Qxd3 Rc7 26.g3 Qf6 27.Kg2 Bh6 28.
h4 Qe7 29.a5 Qd7 30.c4 Kh8 31.Rh1 Rc8 32.h5 Kg7 33.b4 f5 34.hxg6 hxg6 35.
exf5 Qxf5 36.Be4 Qd7 37.Bxg6 Rf8 38.Be4 Rf6 39.Qd5 Qg4 40.Bf3 Qd4 41.Qxd4 
exd4 42.Bxb7 Bd2 43.Rb1 d3 44.Bxa6 Bc3 45.Bb7 d2 46.a6 Bd4 47.Bf3 d5 48.
Rd1 Rxa6 49.Rxd2 Bc3 50.b5 Ra4 51.Rxd5 Rxc4 52.b6 Rb4 53.Rd7+ Kf6 54.b7 
Be5 55.Bd5 Rb2 56.Rf7+ Kg6 57.Rf3 Bd4 58.Rb3 Rxf2+ 59.Kh3 Be5 60.b8=Q Bxb8
61.Rxb8 Kg5 62.Be4 Re2 63.Rb5+ Kf6 64.Bf3 Re3 65.Kg4 Rc3 66.Kf4 Rc4+ 67.
Be4 Rc1 68.Rb6+ Kg7 69.g4 Re1 70.Bf5 Re7 71.Rd6 Re1 72.Rd7+ Kf8 73.Kg5 Rf1
74.Kf6 Ke8 75.Ra7 Kd8 76.Rd7+ Ke8 77.Rc7 1-0

[Event "29th ECh U20"]
[Site "Patras GRE"]
[Date "2001.07.24"]
[Round "8"]
[White "Tsiamis, Konstantinos"]
[Black "Kumin, Simon"]
[Result "0-1"]
[WhiteElo "2217"]
[BlackElo "2313"]
[EventDate "2001.07.16"]
[PlyCount "74"]

1.e4 c5 2.Nf3 e6 3.b3 Nf6 4.e5 Nd5 5.Bb2 Nc6 6.Bb5 Be7 7.O-O O-O 8.Re1 f6 
9.Bxc6 bxc6 10.d3 fxe5 11.c4 Nf6 12.Nxe5 Qc7 13.Nd2 d6 14.Ng4 e5 15.Nxf6+ 
Rxf6 16.Ne4 Rg6 17.Re3 Bg4 18.Qe1 Rd8 19.h3 Be6 20.Rg3 Rxg3 21.fxg3 d5 22.
Nd2 Bd6 23.Qe2 Bf7 24.Rf1 Re8 25.Nf3 e4 26.dxe4 Rxe4 27.Qd3 Qe7 28.cxd5 
Bxd5 29.Nh4 Re2 30.Rf2 Rxf2 31.Kxf2 c4 32.bxc4 Bc5+ 33.Kf1 Qf7+ 34.Ke1 
Bxc4 35.Qd8+ Bf8 36.Nf3 Qg6 37.Ba3 Qb1+ 0-1

[Event "29th ECh U20"]
[Site "Patras GRE"]
[Date "2001.07.24"]
[Round "8"]
[White "Divaris, Kimon"]
[Black "Lazar, Ales"]
[Result "0-1"]
[WhiteElo "2240"]
[BlackElo "2259"]
[EventDate "2001.07.16"]
[PlyCount "89"]

1.d4 d5 2.c4 c6 3.cxd5 cxd5 4.Bf4 Nc6 5.Nf3 Nf6 6.Nc3 e6 7.e3 Be7 8.Bd3 
O-O 9.h3 Bd7 10.O-O Nh5 11.Bh2 f5 12.Ne5 Nf6 13.Rc1 Rc8 14.Qe2 Qa5 15.a3 
Nxe5 16.dxe5 Ne4 17.Nb5 a6 18.Nd4 Qb6 19.Rc2 Rxc2 20.Qxc2 Rc8 21.Qb3 Qxb3 
22.Nxb3 Nc5 23.Nxc5 Rxc5 24.g4 g6 25.Rd1 Bb5 26.gxf5 gxf5 27.Bg3 Bxd3 28.
Rxd3 a5 29.Kf1 a4 30.Rd2 b5 31.Ke2 Rc1 32.Kf3 Kf7 33.Kg2 Bd8 34.Kf3 Ke8 
35.Kg2 Ba5 36.Re2 Rc4 37.f3 Kd7 38.f4 Kc6 39.Bh4 b4 40.Be7 b3 41.Kf1 Rc1+ 
42.Kf2 Kb5 43.Kf3 Rc2 44.Rf2 Kc4 45.Bd6 0-1

[Event "29th ECh U20"]
[Site "Patras GRE"]
[Date "2001.07.24"]
[Round "8"]
[White "Verkasalo, Tommi"]
[Black "Georgiou, Kostantinos"]
[Result "0-1"]
[WhiteElo "2037"]
[BlackElo "2142"]
[EventDate "2001.07.16"]
[PlyCount "154"]

1.e4 c5 2.Nf3 e6 3.d4 cxd4 4.Nxd4 a6 5.Bd3 Qc7 6.Nc3 Nc6 7.Nxc6 bxc6 8.O-O
Nf6 9.Qe2 h5 10.Kh1 Ng4 11.f4 Bc5 12.e5 Bb7 13.Ne4 Be7 14.Bd2 c5 15.a3 Qc6
16.c4 Nh6 17.Nc3 h4 18.h3 g6 19.Be4 Qc7 20.Be3 Nf5 21.Bf2 Rc8 22.Rad1 d6 
23.Bxb7 Qxb7 24.exd6 Nxd6 25.Rfe1 O-O 26.Nd5 exd5 27.Qxe7 Qxe7 28.Rxe7 d4 
29.b4 cxb4 30.axb4 Nf5 31.Rd7 Rxc4 32.Bxd4 Rxd4 33.R7xd4 Nxd4 34.Rxd4 Rc8 
35.Kh2 Rc2 36.f5 g5 37.f6 Kh7 38.Rd6 Rb2 39.Rb6 Kg6 40.Kg1 Kf5 41.Kh2 Ra2 
42.Rc6 Ra1 43.Rd6 Kg6 44.Rc6 Ra4 45.Rb6 a5 46.bxa5 Rxa5 47.g4 Ra2+ 48.Kg1 
Ra3 49.Kg2 Rg3+ 50.Kh2 Rf3 51.Kg2 Rxf6 52.Rb3 Rd6 53.Kf3 Rd2 54.Ke4 Re2+ 
55.Re3 Rf2 56.Rf3 Rg2 57.Ra3 Rb2 58.Rd3 Rb8 59.Rd5 f6 60.Rd7 Re8+ 61.Kf3 
Re6 62.Ra7 Rb6 63.Re7 f5 64.gxf5+ Kxf5 65.Re3 Rb2 66.Ra3 Rh2 67.Ra5+ Kg6 
68.Ra6+ Kh5 69.Ra8 Rxh3+ 70.Kg2 Rd3 71.Ra4 h3+ 72.Kh2 g4 73.Ra8 Rd2+ 74.
Kg3 Rg2+ 75.Kf4 h2 76.Rg8 Rf2+ 77.Kg3 h1=N# 0-1

[Event "29th ECh U20"]
[Site "Patras GRE"]
[Date "2001.07.24"]
[Round "8"]
[White "Gengler, Pierre"]
[Black "Zournatsidis, Evgenios"]
[Result "1-0"]
[WhiteElo "2023"]
[BlackElo "2098"]
[EventDate "2001.07.16"]
[PlyCount "99"]

1.e4 d5 2.exd5 Qxd5 3.Nc3 Qa5 4.d4 c6 5.Nf3 Nf6 6.Bc4 Bf5 7.O-O e6 8.Re1 
Be7 9.Ne5 O-O 10.g4 Bg6 11.h4 Bb4 12.Bd2 Qd8 13.h5 Bxc3 14.bxc3 Be4 15.g5 
Bf5 16.gxf6 Qxf6 17.Bd3 c5 18.Bxf5 Qxf5 19.Qg4 Qxg4+ 20.Nxg4 Nc6 21.Ne5 
Rac8 22.Nd7 Rfd8 23.Nxc5 b6 24.Nb3 Rd5 25.h6 g6 26.a4 Rh5 27.a5 b5 28.Nc5 
g5 29.f4 g4 30.Reb1 b4 31.Rxb4 Nxb4 32.cxb4 Rd8 33.c3 Rxh6 34.b5 Rb8 35.
Rb1 f5 36.Nd7 Rb7 37.Ne5 g3 38.c4 g2 39.Kxg2 Rg7+ 40.Kf2 Rh2+ 41.Ke3 Rg3+ 
42.Nf3 Rhh3 43.Rf1 Rg7 44.b6 e5 45.fxe5 axb6 46.axb6 Rb7 47.c5 Kf7 48.Ba5 
Rh6 49.d5 Ke8 50.c6 1-0

[Event "29th ECh U20"]
[Site "Patras GRE"]
[Date "2001.07.25"]
[Round "9"]
[White "Korobov, Anton"]
[Black "Buhmann, Rainer"]
[Result "1-0"]
[WhiteElo "2470"]
[BlackElo "2498"]
[EventDate "2001.07.16"]
[PlyCount "83"]

1.d4 d5 2.c4 Nc6 3.Nc3 dxc4 4.Nf3 Nf6 5.e3 e5 6.Bxc4 exd4 7.exd4 Bd6 8.O-O
O-O 9.h3 h6 10.Qc2 Nb4 11.Qb1 c6 12.Bxh6 gxh6 13.Qg6+ Kh8 14.Qxh6+ Nh7 15.
Ne4 Be7 16.Rae1 Nd5 17.Ne5 Be6 18.Bd3 Bf5 19.Qh5 Bg6 20.Qh6 Nb4 21.Bb1 
Qxd4 22.Ng3 Bg5 23.Nxg6+ fxg6 24.Qxg6 Qg7 25.Qh5 Nd5 26.Nf5 Qf7 27.Qg4 Bf6
28.Qe2 Rad8 29.g3 Qc7 30.Qh5 Qf7 31.Qe2 Qc7 32.Qh5 Qf7 33.Qe2 a6 34.h4 Qc7
35.Qc2 Rd7 36.Re6 c5 37.Rfe1 Nb4 38.Qe2 c4 39.Qh5 Qc5 40.Re8 Rd8 41.R8e7 
Bxe7 42.Rxe7 1-0

[Event "29th ECh U20"]
[Site "Patras GRE"]
[Date "2001.07.25"]
[Round "9"]
[White "Guseinov, Gadir"]
[Black "Izoria, Zviad"]
[Result "1/2-1/2"]
[WhiteElo "2456"]
[BlackElo "2486"]
[EventDate "2001.07.16"]
[PlyCount "40"]

1.e4 c6 2.d4 d5 3.Nd2 dxe4 4.Nxe4 Bf5 5.Ng3 Bg6 6.h4 h6 7.Nf3 Nd7 8.h5 Bh7
9.Bd3 Bxd3 10.Qxd3 e6 11.Bd2 Ngf6 12.O-O-O Be7 13.Ne4 O-O 14.Kb1 c5 15.
dxc5 Nxc5 16.Nxf6+ Bxf6 17.Qxd8 Rfxd8 18.Be3 Rdc8 19.g4 Na4 20.Bd4 Rd8 
1/2-1/2

[Event "29th ECh U20"]
[Site "Patras GRE"]
[Date "2001.07.25"]
[Round "9"]
[White "Postny, Evgeny"]
[Black "Stryjecki, Marek"]
[Result "1-0"]
[WhiteElo "2486"]
[BlackElo "2441"]
[EventDate "2001.07.16"]
[PlyCount "95"]

1.d4 d5 2.c4 c6 3.Nf3 Nf6 4.Nc3 dxc4 5.a4 Bf5 6.Nh4 Bc8 7.Nf3 Bf5 8.Ne5 e6
9.f3 Bb4 10.e4 Bxe4 11.fxe4 Nxe4 12.Bd2 Qxd4 13.Nxe4 Qxe4+ 14.Qe2 Bxd2+ 
15.Kxd2 Qd5+ 16.Kc2 Na6 17.Qe1 f6 18.Nxc4 O-O-O 19.Qe3 Nc5 20.b4 Na6 21.
Kc3 Kb8 22.Be2 Qxg2 23.Rag1 Qd5 24.Rd1 Nc7 25.Kb3 Qg2 26.Rdg1 Qd5 27.Rd1 
Qg2 28.Rhg1 Qxh2 29.Rxg7 Rxd1 30.Bxd1 Rd8 31.Bc2 h5 32.Be4 f5 33.Bf3 Qh3 
34.Qf4 Rc8 35.Kb2 Qf1 36.Ne5 Qf2+ 37.Kb3 Qf1 38.Kb2 Qf2+ 39.Kb3 Qf1 40.Ka2
Qf2+ 41.Ka3 Qf1 42.Qh2 Qe1 43.Kb3 Qe3+ 44.Ka2 Ka8 45.Qe2 Qc3 46.Qb2 Qe3 
47.Rxc7 Rd8 48.Rd7 1-0

[Event "29th ECh U20"]
[Site "Patras GRE"]
[Date "2001.07.25"]
[Round "9"]
[White "Haznedaroglu, Kivanc"]
[Black "Berg, Emanuel"]
[Result "0-1"]
[WhiteElo "2345"]
[BlackElo "2496"]
[EventDate "2001.07.16"]
[PlyCount "50"]

1.e4 e6 2.d4 d5 3.Nc3 Bb4 4.e5 c5 5.a3 Bxc3+ 6.bxc3 Qc7 7.Qg4 f5 8.Qg3 Ne7
9.Bd2 O-O 10.Bd3 Ng6 11.h4 Rf7 12.Nh3 b6 13.Ng5 Re7 14.Qf3 cxd4 15.Nxh7 
dxc3 16.Bg5 Nxe5 17.Qh5 Rf7 18.Kd1 g6 19.Qe2 Nxd3 20.Nf6+ Rxf6 21.Bxf6 
Nb2+ 22.Kc1 Qf4+ 23.Kb1 Qe4 24.Qf1 Qc4 25.Qc1 Nd3 0-1

[Event "29th ECh U20"]
[Site "Patras GRE"]
[Date "2001.07.25"]
[Round "9"]
[White "Pert, Nicholas"]
[Black "Vallin, Guillaume"]
[Result "1-0"]
[WhiteElo "2475"]
[BlackElo "2359"]
[EventDate "2001.07.16"]
[PlyCount "118"]

1.d4 e6 2.Nf3 Nf6 3.g3 b6 4.Bg2 Bb7 5.c4 Bb4+ 6.Bd2 Be7 7.Nc3 O-O 8.O-O 
Ne4 9.d5 Nxd2 10.Qxd2 Bb4 11.Ne1 exd5 12.Nd3 Bxc3 13.bxc3 Nc6 14.cxd5 Na5 
15.Qf4 Qe7 16.Rfe1 d6 17.Rac1 Rac8 18.e4 Ba6 19.Nb4 Bc4 20.Bf1 Bxf1 21.
Kxf1 c6 22.c4 Rfe8 23.Nd3 cxd5 24.cxd5 Rc4 25.Qf3 g6 26.Rxc4 Nxc4 27.Kg2 
a5 28.Qd1 Qd7 29.h4 h5 30.Qa1 b5 31.Qd4 a4 32.Nb4 Qc7 33.Nc6 Ne5 34.Rc1 
Nc4 35.Rb1 Na5 36.Rc1 Nc4 37.Rb1 Na5 38.Qa7 Qxa7 39.Nxa7 Rxe4 40.Nxb5 Re5 
41.Nc3 a3 42.Rb6 Re1 43.Rxd6 Rc1 44.Ne4 Re1 45.Nc3 Rc1 46.Nb5 Rc2 47.Ra6 
Nc4 48.d6 Rd2 49.Nxa3 Nxa3 50.Rxa3 Rxd6 51.Rc3 Rd2 52.a3 Kg7 53.Kf3 Ra2 
54.Ke3 Kf6 55.f4 Ke6 56.Kd4 Kd6 57.Kc4 Rb2 58.a4 Kc6 59.a5 Re2 1-0

[Event "29th ECh U20"]
[Site "Patras GRE"]
[Date "2001.07.25"]
[Round "9"]
[White "Jirka, Jiri"]
[Black "Timofeev, Artiom"]
[Result "0-1"]
[WhiteElo "2292"]
[BlackElo "2521"]
[EventDate "2001.07.16"]
[PlyCount "84"]

1.d4 Nf6 2.c4 g6 3.g3 Bg7 4.Bg2 d5 5.cxd5 Nxd5 6.e4 Nb4 7.a3 N4c6 8.d5 Nd4
9.Be3 c5 10.Nc3 O-O 11.Nge2 e5 12.O-O Nd7 13.b4 b6 14.Rb1 Nf6 15.f4 Bg4 
16.fxe5 Bxe2 17.Nxe2 Ng4 18.Bc1 Nxe2+ 19.Qxe2 Nxe5 20.bxc5 bxc5 21.Be3 c4 
22.Kh1 Qe7 23.a4 Rac8 24.Rb5 c3 25.Rc1 Qa3 26.Qc2 Nc4 27.Bxa7 Bh6 28.Re1 
Qe7 29.Qf2 Bd2 30.Rf1 Nd6 31.Bd4 Nxb5 32.axb5 Bg5 33.Qc2 Qb4 34.Rd1 Rc4 
35.Be5 Re8 36.Rb1 Qc5 37.Bf4 Bxf4 38.gxf4 Rd4 39.Rc1 Rd2 40.Qb3 c2 41.e5 
Rd1+ 42.Rxd1 c1=Q 0-1

[Event "29th ECh U20"]
[Site "Patras GRE"]
[Date "2001.07.25"]
[Round "9"]
[White "Flumbort, Andras"]
[Black "Mastrovasilis, Dimitrios"]
[Result "1-0"]
[WhiteElo "2372"]
[BlackElo "2435"]
[EventDate "2001.07.16"]
[PlyCount "87"]

1.d4 d5 2.c4 c6 3.Nf3 Nf6 4.Nc3 dxc4 5.a4 Bf5 6.Ne5 e6 7.f3 c5 8.e4 cxd4 
9.exf5 Bb4 10.Bxc4 dxc3 11.Qxd8+ Kxd8 12.Ke2 cxb2 13.Bxb2 Ke7 14.Rhb1 Rc8 
15.Ba3 Bxa3 16.Rxb7+ Kd6 17.f4 Bc5 18.Rd1+ Nd5 19.Rxf7 Bb6 20.Rxg7 Rxc4 
21.Nxc4+ Kc5 22.Rc1 exf5 23.a5 Kd4 24.axb6 axb6 25.Kf1 Ra2 26.Rb7 Na6 27.
Rd7 Nc5 28.Rd1+ Kxc4 29.R7xd5 b5 30.Rxf5 Rc2 31.Rdd5 Ne4 32.Rxb5 Nc3 33.
Rbc5+ Kd3 34.Rxc3+ Rxc3 35.Re5 Rc4 36.g3 Rc2 37.Kg1 Kd4 38.Re1 h5 39.Rf1 
Ke4 40.Rf2 Rc3 41.Kg2 h4 42.f5 Ke5 43.f6 Rc8 44.g4 1-0

[Event "29th ECh U20"]
[Site "Patras GRE"]
[Date "2001.07.25"]
[Round "9"]
[White "Ginzburg, Mikhail"]
[Black "Smirnov, Pavel"]
[Result "0-1"]
[WhiteElo "2274"]
[BlackElo "2530"]
[EventDate "2001.07.16"]
[PlyCount "118"]

1.e4 c5 2.Nf3 Nc6 3.d4 cxd4 4.Nxd4 Nf6 5.Nc3 e5 6.Ndb5 d6 7.Bg5 a6 8.Na3 
b5 9.Bxf6 gxf6 10.Nd5 f5 11.g3 Bg7 12.Bg2 fxe4 13.Bxe4 Be6 14.Qh5 Rc8 15.
c3 Ne7 16.Rd1 Rc5 17.Nxe7 Qxe7 18.O-O d5 19.Bf5 Bxf5 20.Qxf5 Qe6 21.Qxe6+ 
fxe6 22.f4 e4 23.f5 Ke7 24.Nc2 a5 25.fxe6 Kxe6 26.a3 h5 27.Rf4 Be5 28.Rh4 
Rcc8 29.Rf1 Rcg8 30.Kg2 Rg6 31.Kh3 Rf6 32.Rxf6+ Kxf6 33.Ne3 Ke6 34.Nc2 Kd6
35.Kg2 Kc5 36.Kf1 Bf6 37.Rf4 Bg5 38.Rf7 Bc1 39.b3 Bb2 40.Ke2 Rc8 41.b4+ 
axb4 42.axb4+ Kd6 43.Nd4 Bxc3 44.Nxb5+ Ke6 45.Rc7 Rxc7 46.Nxc7+ Ke5 47.b5 
d4 48.Na6 d3+ 49.Ke3 Bb2 50.Nb4 Bc1+ 51.Kf2 e3+ 52.Kf1 Kd4 53.b6 e2+ 54.
Kf2 Bd2 55.Nc6+ Kc5 56.b7 e1=Q+ 57.Kg2 Qe2+ 58.Kh3 Qf1+ 59.Kh4 Qf5 0-1

[Event "29th ECh U20"]
[Site "Patras GRE"]
[Date "2001.07.25"]
[Round "9"]
[White "Kujovic, Michal"]
[Black "Castaldo, Folco"]
[Result "1-0"]
[WhiteElo "2335"]
[BlackElo "2304"]
[EventDate "2001.07.16"]
[PlyCount "87"]

1.d4 Nf6 2.c4 e6 3.Nf3 d5 4.Nc3 Nbd7 5.cxd5 exd5 6.Bf4 c6 7.h3 Nb6 8.e3 
Bf5 9.g4 Bg6 10.Ne5 Nfd7 11.Nxg6 hxg6 12.g5 Be7 13.Qg4 Nf8 14.Be5 Qd7 15.
Qxd7+ Nfxd7 16.Bxg7 Rh7 17.Bh6 O-O-O 18.b3 f6 19.f4 fxg5 20.Bxg5 Bxg5 21.
fxg5 Rh5 22.Rg1 Rf8 23.Ne2 Rf5 24.Ng3 Rfxg5 25.Nxh5 Rxg1 26.Ng7 Nf6 27.Kf2
Rg5 28.Bg2 Ne4+ 29.Kg1 Kd7 30.Kh2 Ke7 31.Rf1 Nd7 32.Rf4 Ndf6 33.h4 Rg4 34.
Bh3 Rg3 35.h5 Rxe3 36.hxg6 Re2+ 37.Kg1 Ng5 38.Bc8 Nfe4 39.Nf5+ Kd8 40.g7 
Nf6 41.Ng3 Kxc8 42.Rxf6 Re1+ 43.Kf2 Ne4+ 44.Nxe4 1-0

[Event "29th ECh U20"]
[Site "Patras GRE"]
[Date "2001.07.25"]
[Round "9"]
[White "Kumin, Simon"]
[Black "Pilaj, Herwig"]
[Result "1/2-1/2"]
[WhiteElo "2313"]
[BlackElo "2297"]
[EventDate "2001.07.16"]
[PlyCount "46"]

1.d4 d5 2.c4 c6 3.Nf3 Nf6 4.Nc3 dxc4 5.a4 e6 6.e3 c5 7.Bxc4 Nc6 8.O-O Be7 
9.Qe2 cxd4 10.Rd1 O-O 11.exd4 Nb4 12.Ne5 Bd7 13.d5 exd5 14.Nxd5 Nbxd5 15.
Bxd5 Nxd5 16.Rxd5 Bg4 17.Qc4 Qxd5 18.Qxd5 Rad8 19.Qb3 Rd1+ 20.Qxd1 Bxd1 
21.Be3 Rd8 22.Bxa7 Bxa4 23.h3 Bb3 1/2-1/2

[Event "29th ECh U20"]
[Site "Patras GRE"]
[Date "2001.07.25"]
[Round "9"]
[White "Mladenov, Svetlin"]
[Black "Le Roux, Jean-Pierre"]
[Result "1-0"]
[WhiteElo "2306"]
[BlackElo "2285"]
[EventDate "2001.07.16"]
[PlyCount "79"]

1.e4 c6 2.d4 d5 3.exd5 cxd5 4.c4 Nf6 5.Nc3 Nc6 6.Nf3 e6 7.cxd5 exd5 8.Bb5 
a6 9.Bxc6+ bxc6 10.O-O Be7 11.Ne5 Qb6 12.Na4 Qb5 13.Bg5 h6 14.Bxf6 Bxf6 
15.Rc1 Bxe5 16.Re1 O-O 17.Rxe5 Bg4 18.f3 Be6 19.b3 Rae8 20.Qd2 Bc8 21.Rce1
Re6 22.Rxe6 Bxe6 23.Nc5 Re8 24.Re5 a5 25.f4 Rd8 26.Qe3 Qb4 27.f5 Bc8 28.f6
gxf6 29.Rh5 a4 30.Nxa4 Bg4 31.Rxh6 Bf5 32.Rxf6 Bg6 33.Nc5 Ra8 34.a4 Qa3 
35.h3 Rb8 36.Rxc6 Qa1+ 37.Kh2 Kh7 38.Nd7 Rb4 39.Nf8+ Kg8 40.Nxg6 1-0

[Event "29th ECh U20"]
[Site "Patras GRE"]
[Date "2001.07.25"]
[Round "9"]
[White "Lazar, Ales"]
[Black "Atakisi, Umut"]
[Result "1-0"]
[WhiteElo "2259"]
[BlackElo "2302"]
[EventDate "2001.07.16"]
[PlyCount "57"]

1.e4 c5 2.c3 Nf6 3.e5 Nd5 4.Nf3 Nc6 5.Bc4 Nb6 6.Bb3 c4 7.Bc2 Qc7 8.Qe2 g5 
9.h3 Bg7 10.O-O Nxe5 11.Nxg5 d5 12.Bxh7 Bf6 13.d4 cxd3 14.Bxd3 Nxd3 15.
Qxd3 Bd7 16.a4 Bxa4 17.Re1 Bd7 18.Qf3 Qc6 19.Na3 d4 20.Ne4 O-O-O 21.cxd4 
Bxd4 22.Bf4 Qd5 23.Nc2 Bxb2 24.Rxa7 Bc6 25.Nb4 Qc4 26.Nxc6 Qxc6 27.Qb3 e5 
28.Qxb2 exf4 29.Rc1 1-0

[Event "29th ECh U20"]
[Site "Patras GRE"]
[Date "2001.07.25"]
[Round "9"]
[White "Poliakov, Dmitry"]
[Black "Zvan, Ziga"]
[Result "1-0"]
[WhiteElo "2267"]
[BlackElo "2168"]
[EventDate "2001.07.16"]
[PlyCount "76"]

1.c4 Nf6 2.Nc3 d5 3.d4 g6 4.Nf3 Bg7 5.e3 O-O 6.cxd5 Nxd5 7.Bc4 Nb6 8.Bb3 
Nc6 9.O-O e5 10.d5 Na5 11.Bc2 c6 12.e4 cxd5 13.exd5 Bg4 14.h3 Bd7 15.Bg5 
Qc7 16.Be7 Rfe8 17.d6 Qc8 18.Rc1 Nc6 19.Bb3 Nxe7 20.dxe7 Bc6 21.a4 Qf5 22.
a5 Nc8 23.Bc2 Qe6 24.Ng5 Qxe7 25.Nxf7 Kxf7 26.Bb3+ Kf8 27.Nd5 Qd7 28.f4 e4
29.f5 gxf5 30.Qh5 Re5 31.Nf4 Ne7 32.Rcd1 Qe8 33.Qxh7 Bb5 34.Rd6 Bxf1 35.
Nh5 Qxh5 36.Qxh5 Nd5 37.Bxd5 Rxd5 38.Rxd5 Bc4 1-0

[Event "29th ECh U20"]
[Site "Patras GRE"]
[Date "2001.07.25"]
[Round "9"]
[White "Guidarelli, Laurent"]
[Black "Verkasalo, Tommi"]
[Result "0-1"]
[WhiteElo "2323"]
[BlackElo "2037"]
[EventDate "2001.07.16"]
[PlyCount "62"]

1.e4 c5 2.Nc3 Nc6 3.f4 g6 4.Nf3 Bg7 5.Bc4 e6 6.f5 Nge7 7.fxe6 fxe6 8.d3 d5
9.Bb5 O-O 10.Bxc6 Nxc6 11.O-O Nd4 12.Kh1 Qd7 13.Bd2 b5 14.exd5 exd5 15.
Nxd4 Rxf1+ 16.Qxf1 Bxd4 17.Re1 Bb7 18.Qe2 Rf8 19.Nd1 Rf5 20.Bh6 Bc6 21.c3 
Bf6 22.Nf2 Re5 23.Qf1 Qf5 24.Rxe5 Bxe5 25.Qe2 d4 26.Ne4 c4 27.Nf2 dxc3 28.
bxc3 cxd3 29.Nxd3 Bxc3 30.Be3 Qe4 31.Ne1 Bxe1 0-1